000 00646nam a2200217Ia 4500
003 OSt
005 20230413105216.0
008 210423s2015 xx 000 0 und d
020 _a978-1-292-05721-7
040 _cAL
041 _aeng
082 _a611
_223
_bMARF
100 _aMARTINI (Frederic H);NATH (Judi L);MARTHOLOMEW (Edwin F)
_987700
245 _aFundamentals of anatomy and physiology Ed 10 Global Edition
260 _aBoston
_bPearson
_c2015
300 _a1262
_bPB
365 _b5407.5
_cUSD
650 _aMedical Sciences
_987701
906 _a10 ; anatomy ; Edition ; Fundamentals ; Global ; physiology
942 _2ddc
_cBK
999 _c169876
_d169876